IB Chemistry higher level : (Record no. 289014)
[ view plain ]
| 000 -LEADER | |
|---|---|
| fixed length control field | 00553nam a22001697a 4500 |
| 003 - CONTROL NUMBER IDENTIFIER | |
| control field | PILC |
| 005 - DATE AND TIME OF LATEST TRANSACTION | |
| control field | 20151216094136.0 |
| 008 - FIXED-LENGTH DATA ELEMENTS--GENERAL INFORMATION | |
| fixed length control field | 151216b xxu||||| |||| 00| 0 eng d |
| 020 ## - INTERNATIONAL STANDARD BOOK NUMBER | |
| International Standard Book Number | 9781904534730 |
| 050 ## - LIBRARY OF CONGRESS CALL NUMBER | |
| Classification number | QD 33 .L959 2008 |
| 100 ## - MAIN ENTRY--PERSONAL NAME | |
| Personal name | Lumsden, Cameron |
| 245 ## - TITLE STATEMENT | |
| Title | IB Chemistry higher level : |
| Remainder of title | international baccalaureate revision guide : for exams beginning may 2009 |
| Statement of responsibility, etc | Cameron Lumsden |
| 250 ## - EDITION STATEMENT | |
| Edition statement | 1st edition. |
| 260 ## - PUBLICATION, DISTRIBUTION, ETC. (IMPRINT) | |
| Place of publication, distribution, etc | United Kingdom |
| Name of publisher, distributor, etc | Oxford Study Courses |
| Date of publication, distribution, etc | 2008 |
| 300 ## - PHYSICAL DESCRIPTION | |
| Extent | 129 pages., |
| Other physical details | ill., |
| Dimensions | 28 cm. |
| 942 ## - ADDED ENTRY ELEMENTS (KOHA) | |
| Source of classification or shelving scheme | Library of Congress Classification |
| Koha item type | Books |
| Withdrawn status | Lost status | Source of classification or shelving scheme | Damaged status | Home library | Current library | Shelving location | Date acquired | Source of acquisition | Sub Shelving location | Total Checkouts | Total Renewals | Full call number | Barcode | Date last seen | Date checked out | Price effective from | Koha item type |
|---|---|---|---|---|---|---|---|---|---|---|---|---|---|---|---|---|---|
| Library of Congress Classification | Luxembourg Library | Luxembourg Library | International Baccalaureate Section | 12/16/2015 | Library Fund | 6 | 31 | QD 33 .L959 2008 | 17129 | 11/09/2020 | 03/14/2020 | 12/16/2015 | Books |